[Event "Mittelrhein Verbandsliga-S 17/18"]
[Site "Nordrheinwestfalen"]
[Date "2018.04.15"]
[Round "10.7"]
[White "Fleischer, Uwe"]
[Black "Loeffler, Friedrich"]
[Result "1/2-1/2"]
[WhiteElo "1845"]
[BlackElo "1881"]
[PlyCount "49"]
[EventDate "2017.09.10"]
[EventType "team-tourn"]
[EventRounds "11"]
[EventCountry "GER"]
[SourceTitle "EXT 2022"]
[Source "ChessBase"]
[SourceDate "2021.10.06"]
[SourceVersion "1"]
[SourceVersionDate "2021.10.06"]
[SourceQuality "1"]
[WhiteTeam "Lohmar"]
[BlackTeam "Bruehl II"]
[WhiteTeamCountry "GER"]
[BlackTeamCountry "GER"]

1. d4 Nf6 2. Nf3 e6 3. g3 d5 4. Bg2 c5 5. 0-0 Nc6 6. b3 b6 7. Bb2 Bb7 8. Nbd2 Be7 9. c4 0-0 10. dxc5 Bxc5 11. cxd5 exd5 12. Ne5 Nxe5 13. Bxe5 Qe7 14. Nf3 Rfe8 15. Bxf6 Qxf6 16. Qd3 Rad8 17. e3 d4 18. Nxd4 Bxg2 19. Kxg2 Bxd4 20. exd4 Rxd4 21. Qb5 Red8 22. Rae1 g6 23. Re8+ Rxe8 24. Qxe8+ Kg7 25. Re1 1/2-1/2

[Event "Mittelrhein Verbandsliga Ost 1415"]
[Site "Mittelrhein"]
[Date "2014.09.28"]
[Round "2.7"]
[White "Fleischer, Uwe"]
[Black "Buettner, Ulrich"]
[Result "1-0"]
[WhiteElo "1850"]
[BlackElo "1760"]
[PlyCount "87"]
[EventDate "2014.09.07"]
[EventType "team-tourn"]
[EventRounds "11"]
[EventCountry "GER"]
[SourceTitle "EXT 2023"]
[Source "ChessBase"]
[SourceDate "2022.10.05"]
[SourceVersion "1"]
[SourceVersionDate "2022.10.05"]
[SourceQuality "1"]
[WhiteTeam "Lohmar"]
[BlackTeam "Langenfeld II"]
[WhiteTeamCountry "GER"]
[BlackTeamCountry "GER"]

1. d4 d5 2. c4 e6 3. Nf3 Nf6 4. Nc3 Be7 5. Bg5 h6 6. Bxf6 Bxf6 7. e3 0-0 8. Rc1 dxc4 9. Bxc4 Nd7 10. 0-0 a6 11. Qc2 c6 12. Rfd1 Qe7 13. Ne4 g6 14. Nxf6+ Qxf6 15. b4 Qe7 16. Qb3 e5 17. dxe5 Nxe5 18. Nxe5 Qxe5 19. Rd4 Kg7 20. Rcd1 b5 21. Bf1 c5 22. Rd5 c4 23. Qxc4 Qxh2+ 24. Kxh2 bxc4 25. Bxc4 Be6 26. R5d4 Bxc4 27. Rxc4 Ra7 28. Rd5 Rb8 29. a3 Rb6 30. Rcc5 Rab7 31. Kg3 Rf6 32. f3 g5 33. Kf2 Re7 34. Ke2 g4 35. e4 gxf3+ 36. gxf3 Rg6 37. Ke3 Ree6 38. Rd7 Rd6 39. Rxd6 Rxd6 40. a4 Rd1 41. b5 axb5 42. axb5 f6 43. Rd5 Rb1 44. Kd4 1-0

[Event "Nord West Cup"]
[Site "Oldenburg"]
[Date "2000.02.11"]
[Round "3"]
[White "Opalka, Stefan"]
[Black "Fleischer, Uwe"]
[Result "0-1"]
[WhiteElo "1784"]
[BlackElo "2088"]
[PlyCount "98"]
[EventDate "2000.??.??"]
[EventType "swiss"]
[EventRounds "7"]
[EventCountry "GER"]
[SourceTitle "EXT 2002"]
[Source "ChessBase"]
[SourceDate "2001.11.25"]
[SourceVersion "1"]
[SourceVersionDate "2001.11.25"]
[SourceQuality "1"]

1. e4 c5 2. Nf3 d6 3. d4 cxd4 4. Nxd4 Nf6 5. Nc3 a6 6. Be2 e6 7. Be3 Qc7 8. 0-0 Nc6 9. Qd2 Be7 10. Rad1 0-0 11. Nb3 Ne5 12. Qd4 b5 13. Qb6 Qxb6 14. Bxb6 b4 15. Na4 Bd7 16. f4 Bxa4 17. fxe5 dxe5 18. Bd3 Rfc8 19. Rd2 Bxb3 20. axb3 Bc5+ 21. Bxc5 Rxc5 22. h3 a5 23. Kf2 a4 24. Ra1 Rd8 25. Rxa4 Nxe4+ 26. Bxe4 Rxd2+ 27. Ke3 Rd8 28. Rxb4 f5 29. Bd3 Rd6 30. Rb7 Rcd5 31. Bc4 Rd1 32. Re7 Kf8 33. Rxe6 Rxe6 34. Bxe6 g6 35. b4 Ke7 36. Bc4 Rg1 37. Kf2 Rb1 38. b3 Rb2 39. b5 Rxc2+ 40. Kf1 Kd6 41. Kg1 Kc5 42. Bg8 Kxb5 43. Bxh7 Rc6 44. Bg8 Kc5 45. Kf2 Kd4 46. Bc4 Rxc4 47. bxc4 Kxc4 48. Ke3 Kd5 49. h4 f4+ 0-1

[Event "Lohmar 9899"]
[Site "Lohmar"]
[Date "1999.01.01"]
[Round "7"]
[White "Olbrisch, Manfred"]
[Black "Fleischer, Uwe"]
[Result "1/2-1/2"]
[WhiteElo "2080"]
[BlackElo "2115"]
[PlyCount "121"]
[EventDate "1998.12.??"]
[EventType "tourn"]
[EventRounds "9"]
[EventCountry "GER"]
[SourceTitle "EXT 2000"]
[Source "ChessBase"]
[SourceDate "1999.11.16"]
[SourceVersion "1"]
[SourceVersionDate "1999.11.16"]
[SourceQuality "1"]

1. Nf3 d5 2. g3 Bg4 3. Bg2 Nd7 4. c4 dxc4 5. Na3 Ngf6 6. Nxc4 Bxf3 7. Bxf3 c6 8. d3 e6 9. 0-0 Be7 10. b3 0-0 11. Bb2 Nb6 12. Qc2 Nxc4 13. bxc4 Qc7 14. Rab1 b6 15. Bc3 Nd7 16. a4 Rab8 17. Qa2 Bf6 18. Bd2 Rfe8 19. a5 Bd4 20. e3 Bf6 21. Rfc1 Red8 22. d4 c5 23. d5 exd5 24. cxd5 b5 25. Be2 a6 26. f4 c4 27. Qa3 Nc5 28. Bf3 Qa7 29. Kg2 Re8 30. Re1 Ne4 31. Bb4 Rbd8 32. Rbd1 Qd7 33. d6 g6 34. Rd5 Bg7 35. Red1 f5 36. Qc1 Re6 37. g4 Ree8 38. Qc2 Nf6 39. gxf5 Nxd5 40. Bxd5+ Kh8 41. e4 gxf5 42. e5 Re6 43. Kh1 Bh6 44. Bc3 Rf8 45. Qf2 Rb8 46. Qc5 Rc8 47. Qd4 Bg7 48. Bxe6 Qxe6 49. d7 Rd8 50. Qb6 Qe7 51. Bb4 Qh4 52. Be1 Qe7 53. Qxa6 c3 54. Bxc3 b4 55. Bb2 Qh4 56. Qb6 Bf8 57. a6 Rxd7 58. Rxd7 Qe1+ 59. Qg1 Qe4+ 60. Qg2 Qe1+ 61. Qg1 1/2-1/2

[Event "Lohmar 9899"]
[Site "Lohmar"]
[Date "1998.12.31"]
[Round "6"]
[White "Fleischer, Uwe"]
[Black "Krallmann, Matthias"]
[Result "0-1"]
[WhiteElo "2115"]
[BlackElo "2285"]
[PlyCount "94"]
[EventDate "1998.12.??"]
[EventType "tourn"]
[EventRounds "9"]
[EventCountry "GER"]
[SourceTitle "EXT 2000"]
[Source "ChessBase"]
[SourceDate "1999.11.16"]
[SourceVersion "1"]
[SourceVersionDate "1999.11.16"]
[SourceQuality "1"]

1. d4 Nf6 2. c4 c5 3. d5 e5 4. Nc3 d6 5. e4 Be7 6. Be2 Nbd7 7. Be3 0-0 8. Nf3 a6 9. a4 Rb8 10. Qc2 Kh8 11. 0-0 Ne8 12. Nd2 Bg5 13. f4 exf4 14. Bxf4 Bxf4 15. Rxf4 Ne5 16. Raf1 Qg5 17. Kh1 Bd7 18. a5 Nf6 19. Nd1 b6 20. axb6 Rxb6 21. b3 Rfb8 22. Qc3 Kg8 23. Ne3 Ng6 24. R4f2 Qe5 25. Qxe5 Nxe5 26. h3 a5 27. g4 h6 28. Bd1 Nd3 29. Rf3 Ne5 30. R3f2 Be8 31. Nf5 Nfd7 32. Bc2 Kh7 33. Ng3 g6 34. Kg2 Kg7 35. Ra1 Ra6 36. Ne2 a4 37. Ra3 Raa8 38. Nc3 axb3 39. Rxa8 bxc2 40. Ra1 Nd3 41. Rff1 c1Q 42. Rfxc1 Nxc1 43. Rxc1 Rb2 44. Ncb1 Ne5 45. Kf1 Ba4 46. Nc3 Rxd2 47. Nxa4 Rd4 0-1

[Event "Lohmar 9899"]
[Site "Lohmar"]
[Date "1998.12.30"]
[Round "5"]
[White "Stanetzek, Carsten"]
[Black "Fleischer, Uwe"]
[Result "1-0"]
[WhiteElo "2160"]
[BlackElo "2115"]
[PlyCount "81"]
[EventDate "1998.12.??"]
[EventType "tourn"]
[EventRounds "9"]
[EventCountry "GER"]
[SourceTitle "EXT 2000"]
[Source "ChessBase"]
[SourceDate "1999.11.16"]
[SourceVersion "1"]
[SourceVersionDate "1999.11.16"]
[SourceQuality "1"]

1. e4 c5 2. c4 Nc6 3. Nc3 d6 4. g3 g6 5. Bg2 Bg7 6. Nge2 e6 7. 0-0 Nge7 8. d3 0-0 9. Be3 Nd4 10. Rb1 Nec6 11. h3 Rb8 12. Qd2 Re8 13. g4 a6 14. Bg5 Qc7 15. Rfc1 b5 16. cxb5 axb5 17. Nxd4 cxd4 18. Ne2 Qb6 19. b4 Bd7 20. f4 f6 21. Bh4 e5 22. g5 fxg5 23. Bxg5 h6 24. Bh4 Ra8 25. Rc2 Ra3 26. Rf1 Rf8 27. Kh1 Ra4 28. f5 g5 29. Be1 Bf6 30. Ng3 Rfa8 31. Nh5 Qd8 32. h4 R8a7 33. Rg1 Kf7 34. Bf3 Qg8 35. Bd1 Ke7 36. Nxf6 Kxf6 37. hxg5+ hxg5 38. Bh4 Kf7 39. Bh5+ Kf8 40. Bxg5 Qh8 41. Bh6+ 1-0

[Event "Lohmar 9798"]
[Site "Lohmar"]
[Date "1998.??.??"]
[Round "8"]
[White "Heedt, Thorsten"]
[Black "Fleischer, Uwe"]
[Result "1/2-1/2"]
[WhiteElo "2190"]
[BlackElo "2115"]
[PlyCount "189"]
[EventDate "1997.12.??"]
[EventType "tourn"]
[EventRounds "9"]
[EventCountry "GER"]
[SourceTitle "EXT 1999"]
[Source "ChessBase"]
[SourceDate "1998.11.16"]
[SourceVersion "1"]
[SourceVersionDate "1998.11.16"]
[SourceQuality "1"]

1. e4 c5 2. Nf3 e6 3. d4 cxd4 4. Nxd4 Nf6 5. Nc3 d6 6. g3 Be7 7. Bg2 0-0 8. 0-0 a6 9. f4 Qc7 10. Kh1 Bd7 11. g4 Nc6 12. g5 Ne8 13. Be3 Nxd4 14. Qxd4 Bc6 15. f5 Qa5 16. Bh3 exf5 17. Rxf5 Qd8 18. Rg1 Bd7 19. Nd5 Bxf5 20. exf5 Nc7 21. f6 Nxd5 22. Qxd5 Re8 23. Be6 Bf8 24. Bxf7+ Kh8 25. Bxe8 Qxe8 26. Bd4 Qc6 27. Qxc6 bxc6 28. Re1 gxf6 29. Bxf6+ Kg8 30. Kg2 Kf7 31. Kf3 Rb8 32. c4 a5 33. b3 a4 34. Re3 axb3 35. Rxb3 Ra8 36. a3 Ra4 37. Rc3 h6 38. h4 hxg5 39. hxg5 Kg6 40. Ke2 d5 41. cxd5 cxd5 42. Rd3 Rxa3 43. Rxd5 Ra6 44. Kf3 Rxf6+ 45. gxf6 Kxf6 46. Ke4 Be7 47. Rf5+ Ke6 48. Rh5 Bd6 49. Rh6+ Kd7 50. Kd5 Bg3 51. Rh7+ Kc8 52. Rg7 Bf4 53. Kc6 Kb8 54. Re7 Bg3 55. Re4 Bh2 56. Ra4 Bg3 57. Rb4+ Ka8 58. Rb7 Bh2 59. Kb6 Bg3 60. Rf7 Bh2 61. Rf1 Be5 62. Rd1 Bg3 63. Rd2 Bf4 64. Rd3 Bh2 65. Rd8+ Bb8 66. Kc6 Ka7 67. Rd7+ Ka8 68. Rd3 Bh2 69. Ra3+ Kb8 70. Ra1 Bg3 71. Ra5 Bh2 72. Rh5 Bg3 73. Rh8+ Ka7 74. Rg8 Bf2 75. Kc7 Be3 76. Rg4 Ka8 77. Rg8+ Ka7 78. Kc6 Bf2 79. Rf8 Bg1 80. Rf1 Bd4 81. Rf4 Bg1 82. Rf3 Bd4 83. Kb5 Bg1 84. Rg3 Bf2 85. Rg7+ Kb8 86. Rf7 Bg1 87. Kc6 Bh2 88. Rg7 Be5 89. Rg5 Bf4 90. Rb5+ Ka7 91. Rb3 Be5 92. Rb4 Bg3 93. Ra4+ Kb8 94. Kb6 Bc7+ 95. Ka6 1/2-1/2